Normal view
MARC view
- Mohammed Ghanbari Ghanbari, Mohammed
Entry Personal Name
001 - CONTROL NUMBER
- control field: 77930
003 - CONTROL NUMBER IDENTIFIER
- control field: NUST
005 - DATE AND TIME OF LATEST TRANSACTION
- control field: 20210628210031.0
008 - FIXED-LENGTH DATA ELEMENTS
- fixed length control field: 210628|| aca||aabn | a|a d
040 ## - CATALOGING SOURCE
- Original cataloging agency: NUST
- Transcribing agency: NUST
100 ## - HEADING--PERSONAL NAME
- Personal name: Mohammed Ghanbari Ghanbari, Mohammed
670 ## - SOURCE DATA FOUND
- Source citation: Work cat.: (NUST): Mohammed Ghanbari Ghanbari, Mohammed, Video coding an introduction to standard codecs, 1999
